Architectural Icons of the US - Statistics

General Stats
  • This quiz has been taken 45 times
  • The average score is 8 of 16
Answer Stats
Picture Answer % Correct
Empire State Building
98%
Golden Gate Bridge
93%
White House
85%
Washington Monument
76%
Chrysler Building
73%
Sears Tower
73%
Hoover Dam
71%
Space Needle
66%
Gateway Arch
56%
Fallingwater
37%
Monticello
29%
Walt Disney Concert Hall
12%
Dulles International Airport
10%
Transamerica Pyramid
7%
Taliesin West
2%
Mount Rushmore National Monument
0%
No matching quizzes found
Score Distribution
Percent of People with Each Score
Percentile by Number Answered
Your Score History
You have not taken this quiz